00752nam a22002177a 450000500170000001000130001702000220003003500130005203700160006504000120008108200160009310000210010924500960013026000470022627000600027330000240033350000490035765000340040665000450044065000490048520170124105959.0 aA-945781 c00.00a8176460583 aA-945781 bCen Lib/Ret aDPLbEN a342.54bDER aDe Ruijter, Arie aThe purse and the power :cby Arie De Ruijterbaspects of centre-state relations in India / a DelhibB.R. Publishing coprporationc1998 a3779,Ist floor Kanhaiya Nagar Tri Nagarb Delhie110035 axi,270p. c20cm(Hb) aIncludes bibliographical reference and index aFederal government -- India.  aDecentralization in government -- India. aIntergovernmental fiscal relations -- India.